000 01116 a2200241 4500
999 _c3819
_d3819
020 _a0521594294
020 _a052159510X (pc.)
050 0 0 _aPQ 2603 BRA
100 1 _aBradby, David.
245 1 0 _aBeckett :
_bwaiting for Godot /
_cDavid Bradby.
264 _aUnited Kingdom:
_bCambridge University Press,
_c2001
300 _axii, 255 p. :
_bill. ;
440 0 _aPlays in production
500 _aIncludes an index
504 _aIncludes bibliographical references (p. 243-247) and index.
650 _aFrance
856 4 1 _3Sample text
_uhttp://www.loc.gov/catdir/samples/cam031/2001035591.html
856 4 2 _3Publisher description
_uhttp://www.loc.gov/catdir/description/cam021/2001035591.html
856 4 1 _3Table of contents
_uhttp://www.loc.gov/catdir/toc/cam024/2001035591.html
856 4 2 _3Contributor biographical information
_uhttp://www.loc.gov/catdir/enhancements/fy0731/2001035591-b.html
942 _2lcc
_cBK
_h2603
_iBRA
_kPQ